[Event "Bundesliga 0001"]
[Site "Deutschland"]
[Date "2001.03.11"]
[Round "11.8"]
[White "Grafl, Florian"]
[Black "Bromberger, Stefan"]
[Result "1/2-1/2"]
[WhiteElo "2299"]
[BlackElo "2375"]
[PlyCount "90"]
[EventDate "2000.10.14"]
[EventType "team"]
[EventRounds "15"]
[EventCountry "GER"]
[SourceTitle "Bundesliga 0001"]
[Source "DeepChess"]
[SourceDate "2005.01.01"]
[SourceVersion "1"]
[SourceVersionDate "2005.01.01"]
[SourceQuality "1"]
[WhiteTeam "TSV Schott Mainz"]
[BlackTeam "TV Tegernsee"]
[WhiteTeamCountry "GER"]
[BlackTeamCountry "GER"]

1. e4 c5 2. Nf3 d6 3. d4 cxd4 4. Nxd4 Nf6 5. Nc3 g6 6. Be3 Bg7 7. f3 O-O 8. Qd2
Nc6 9. Bc4 Bd7 10. O-O-O Rc8 11. Bb3 Ne5 12. Kb1 Nc4 13. Bxc4 Rxc4 14. g4 Re8
15. h4 h5 16. e5 Nxg4 17. fxg4 Bxg4 18. e6 Bxd1 19. exf7+ Kxf7 20. Rxd1 d5 21.
Rf1+ Kg8 22. Ne6 Qd6 23. Nxg7 Kxg7 24. Nb5 Qd7 25. Qf2 Qf5 26. Qxf5 gxf5 27.
Nd4 e6 28. Bf4 Kf7 29. Nb5 Rxf4 30. Rxf4 Rg8 31. Kc1 Kf6 32. Nc3 e5 33. Nxd5+
Ke6 34. Nc7+ Kd7 35. Rxf5 Kxc7 36. Rxe5 Rg1+ 37. Kd2 Rg2+ 38. Kd3 Rg3+ 39. Ke2
Rg2+ 40. Kf3 Rxc2 41. Rxh5 Rxb2 42. Ra5 Kb6 43. Ra3 Rh2 44. Kg4 a5 45. Rb3+ Kc6
1/2-1/2

[Event "Bundesliga 0001"]
[Site "Deutschland"]
[Date "2001.03.31"]
[Round "12.1"]
[White "Rabiega, Robert"]
[Black "Dautov, Rustem"]
[Result "1/2-1/2"]
[WhiteElo "2487"]
[BlackElo "2606"]
[PlyCount "34"]
[EventDate "2000.10.14"]
[EventType "team"]
[EventRounds "15"]
[EventCountry "GER"]
[SourceTitle "Bundesliga 0001"]
[Source "DeepChess"]
[SourceDate "2005.01.01"]
[SourceVersion "1"]
[SourceVersionDate "2005.01.01"]
[SourceQuality "1"]
[WhiteTeam "SK Koenig Tegel 1949 e.V. "]
[BlackTeam "Godesberger SK 1929"]
[WhiteTeamCountry "GER"]
[BlackTeamCountry "GER"]

1. e4 c5 2. Nf3 g6 3. Bc4 Bg7 4. O-O d6 5. c3 Nf6 6. Re1 O-O 7. Bb3 Nc6 8. d3
b6 9. Nbd2 Ba6 10. Nf1 Ne5 11. Bc2 Qc7 12. h3 Rad8 13. Bf4 Nh5 14. Bh2 e6 15.
Ne3 Bb7 16. Nd2 Nc6 17. Nf3 Ne5 1/2-1/2

[Event "Bundesliga 0001"]
[Site "Deutschland"]
[Date "2001.03.31"]
[Round "12.2"]
[White "Kengis, Edvins"]
[Black "Muse, Mladen"]
[Result "1/2-1/2"]
[WhiteElo "2589"]
[BlackElo "2510"]
[PlyCount "71"]
[EventDate "2000.10.14"]
[EventType "team"]
[EventRounds "15"]
[EventCountry "GER"]
[SourceTitle "Bundesliga 0001"]
[Source "DeepChess"]
[SourceDate "2005.01.01"]
[SourceVersion "1"]
[SourceVersionDate "2005.01.01"]
[SourceQuality "1"]
[WhiteTeam "Godesberger SK 1929"]
[BlackTeam "SK Koenig Tegel 1949 e.V. "]
[WhiteTeamCountry "GER"]
[BlackTeamCountry "GER"]

1. Nf3 Nf6 2. c4 g6 3. g3 Bg7 4. Bg2 O-O 5. d4 c5 6. O-O cxd4 7. Nxd4 Nc6 8.
Nc2 d6 9. Nc3 Be6 10. b3 Qd7 11. e4 Bh3 12. Rb1 a6 13. Nd5 Bxg2 14. Nxf6+ Bxf6
15. Kxg2 b5 16. Bh6 Rfd8 17. Ne3 Qe6 18. f3 bxc4 19. Nxc4 d5 20. exd5 Rxd5 21.
Qe1 Ne5 22. Bf4 Rad8 23. Bxe5 Bxe5 24. Qe2 h5 25. Rfd1 h4 26. Rxd5 Rxd5 27.
gxh4 Qf5 28. Qe4 Bf4 29. Qxf5 gxf5 30. Rb2 Kg7 31. b4 Rd4 32. Rc2 e5 33. a4 Rd5
34. Rb2 Rd4 35. Rc2 Rd5 36. Rb2 1/2-1/2

[Event "Bundesliga 0001"]
[Site "Deutschland"]
[Date "2001.03.31"]
[Round "12.3"]
[White "Paulsen, Dirk"]
[Black "Kveinys, Aloyzas"]
[Result "0-1"]
[WhiteElo "2431"]
[BlackElo "2522"]
[PlyCount "46"]
[EventDate "2000.10.14"]
[EventType "team"]
[EventRounds "15"]
[EventCountry "GER"]
[SourceTitle "Bundesliga 0001"]
[Source "DeepChess"]
[SourceDate "2005.01.01"]
[SourceVersion "1"]
[SourceVersionDate "2005.01.01"]
[SourceQuality "1"]
[WhiteTeam "SK Koenig Tegel 1949 e.V. "]
[BlackTeam "Godesberger SK 1929"]
[WhiteTeamCountry "GER"]
[BlackTeamCountry "GER"]

1. d4 Nf6 2. c4 e6 3. a3 d5 4. Nc3 Be7 5. Nf3 O-O 6. e3 b6 7. b4 c5 8. dxc5
bxc5 9. bxc5 Ne4 10. Nxe4 dxe4 11. Nd4 Na6 12. Qc2 Bf6 13. Qxe4 Rb8 14. Rb1
Nxc5 15. Qc2 Bb7 16. Rb5 Be4 17. Qd1 e5 18. f3 exd4 19. fxe4 Rxb5 20. cxb5 d3
21. Bd2 Nxe4 22. Qb3 Bh4+ 23. g3 Qf6 0-1

[Event "Bundesliga 0001"]
[Site "Deutschland"]
[Date "2001.03.31"]
[Round "12.4"]
[White "Langheinrich, Ferenc"]
[Black "Lipinsky, Fabian"]
[Result "1-0"]
[WhiteElo "2384"]
[BlackElo "2362"]
[PlyCount "67"]
[EventDate "2000.10.14"]
[EventType "team"]
[EventRounds "15"]
[EventCountry "GER"]
[SourceTitle "Bundesliga 0001"]
[Source "DeepChess"]
[SourceDate "2005.01.01"]
[SourceVersion "1"]
[SourceVersionDate "2005.01.01"]
[SourceQuality "1"]
[WhiteTeam "Godesberger SK 1929"]
[BlackTeam "SK Koenig Tegel 1949 e.V. "]
[WhiteTeamCountry "GER"]
[BlackTeamCountry "GER"]

1. e4 e5 2. Nf3 Nf6 3. Nc3 Nc6 4. g3 Bc5 5. Bg2 d6 6. d3 a6 7. h3 O-O 8. g4 Ne7
9. Bg5 Ng6 10. Nd5 c6 11. Nxf6+ gxf6 12. Bh6 Qb6 13. d4 exd4 14. Bxf8 Kxf8 15.
O-O Qxb2 16. Rb1 Qxa2 17. Nxd4 Qc4 18. Nb3 Bb4 19. Qf3 Qc3 20. Qxc3 Bxc3 21. f4
b5 22. Rbd1 Ke7 23. Rf3 Bb4 24. c3 Bc5+ 25. Nxc5 dxc5 26. e5 fxe5 27. Re3 f6
28. Bxc6 Ra7 29. fxe5 Nxe5 30. g5 Kf7 31. Rf1 Ng6 32. Be8+ Kg8 33. Bxg6 hxg6
34. Re8+ 1-0

[Event "Bundesliga 0001"]
[Site "Deutschland"]
[Date "2001.03.31"]
[Round "12.5"]
[White "Von Herman, Ulf"]
[Black "Jackelen, Thomas"]
[Result "0-1"]
[WhiteElo "2357"]
[BlackElo "2373"]
[PlyCount "66"]
[EventDate "2000.10.14"]
[EventType "team"]
[EventRounds "15"]
[EventCountry "GER"]
[SourceTitle "Bundesliga 0001"]
[Source "DeepChess"]
[SourceDate "2005.01.01"]
[SourceVersion "1"]
[SourceVersionDate "2005.01.01"]
[SourceQuality "1"]
[WhiteTeam "SK Koenig Tegel 1949 e.V. "]
[BlackTeam "Godesberger SK 1929"]
[WhiteTeamCountry "GER"]
[BlackTeamCountry "GER"]

1. d4 Nf6 2. c4 g6 3. Nc3 d5 4. cxd5 Nxd5 5. Bd2 Bg7 6. e4 Nb6 7. Be3 O-O 8. h3
f5 9. Nf3 Nc6 10. e5 f4 11. Bc1 Bf5 12. Be2 g5 13. O-O h6 14. b3 Nb4 15. Bb2
Qd7 16. a3 N4d5 17. Nxd5 Nxd5 18. Re1 c6 19. Bd3 Rad8 20. Rc1 Nc7 21. Bc4+ e6
22. a4 Rf7 23. Qe2 Bf8 24. Red1 Rg7 25. Nh2 Qf7 26. Ng4 Qg6 27. Nf6+ Kh8 28.
Bd3 Nd5 29. Bxf5 Qxf5 30. Ne4 g4 31. hxg4 Rxg4 32. Rd3 f3 33. Rxf3 Qxe4 0-1

[Event "Bundesliga 0001"]
[Site "Deutschland"]
[Date "2001.03.31"]
[Round "12.6"]
[White "Seger, Ruediger"]
[Black "Pachow, Joerg"]
[Result "1/2-1/2"]
[WhiteElo "2399"]
[BlackElo "2297"]
[PlyCount "105"]
[EventDate "2000.10.14"]
[EventType "team"]
[EventRounds "15"]
[EventCountry "GER"]
[SourceTitle "Bundesliga 0001"]
[Source "DeepChess"]
[SourceDate "2005.01.01"]
[SourceVersion "1"]
[SourceVersionDate "2005.01.01"]
[SourceQuality "1"]
[WhiteTeam "Godesberger SK 1929"]
[BlackTeam "SK Koenig Tegel 1949 e.V. "]
[WhiteTeamCountry "GER"]
[BlackTeamCountry "GER"]

1. e4 e5 2. Nf3 Nc6 3. Nc3 g6 4. d4 exd4 5. Nxd4 Bg7 6. Be3 d6 7. Qd2 Nf6 8.
O-O-O Nxd4 9. Bxd4 O-O 10. f3 Be6 11. g4 c5 12. Be3 Qa5 13. Kb1 Rfd8 14. g5 Nh5
15. Nd5 Qxd2 16. Rxd2 Bxd5 17. Rxd5 Be5 18. Rd2 Kg7 19. Bc4 Rf8 20. Bd5 f6 21.
Rd3 fxg5 22. Bxg5 h6 23. Bc1 Rab8 24. h4 Nf4 25. Bxf4 Rxf4 26. h5 g5 27. Be6
Rh4 28. Rdd1 Kf6 29. Bg4 b5 30. Rh3 a5 31. Rdh1 Rxh3 32. Bxh3 a4 33. Rd1 b4 34.
Rd5 Rb7 35. Bf1 g4 36. f4 Bd4 37. Rxd6+ Kg7 38. Rg6+ Kh7 39. Rxg4 Rg7 40. Rxg7+
Kxg7 41. Bb5 a3 42. c3 Be3 43. bxa3 bxa3 44. f5 Kf6 45. Kc2 Ke5 46. Kb3 Bc1 47.
Kc4 Bd2 48. Ba4 Be3 49. Bc2 Bd2 50. Bd3 Be3 51. Kb3 Bc1 52. Ka4 Bb2 53. Kb5
1/2-1/2

[Event "Bundesliga 0001"]
[Site "Deutschland"]
[Date "2001.03.31"]
[Round "12.7"]
[White "Giemsa, Stephan"]
[Black "Schmidt, Bodo"]
[Result "1-0"]
[WhiteElo "2299"]
[BlackElo "2368"]
[PlyCount "75"]
[EventDate "2000.10.14"]
[EventType "team"]
[EventRounds "15"]
[EventCountry "GER"]
[SourceTitle "Bundesliga 0001"]
[Source "DeepChess"]
[SourceDate "2005.01.01"]
[SourceVersion "1"]
[SourceVersionDate "2005.01.01"]
[SourceQuality "1"]
[WhiteTeam "SK Koenig Tegel 1949 e.V. "]
[BlackTeam "Godesberger SK 1929"]
[WhiteTeamCountry "GER"]
[BlackTeamCountry "GER"]

1. d4 d5 2. Nf3 Nf6 3. c4 c6 4. e3 Bg4 5. Qb3 Qb6 6. Ne5 Bf5 7. Nc3 e6 8. c5
Qc7 9. Qa4 Nbd7 10. Nxd7 Nxd7 11. b4 Be7 12. b5 Bf6 13. Bd2 e5 14. bxc6 bxc6
15. Bb5 exd4 16. exd4 O-O 17. Bxc6 Rae8+ 18. Be3 Nxc5 19. Nxd5 Qd8 20. dxc5 Re4
21. Nxf6+ Qxf6 22. Bxe4 Qxa1+ 23. Ke2 Qxh1 24. Bxf5 Qxg2 25. c6 g6 26. Bd7 Qxh2
27. Qa5 Qd6 28. Qc5 Qc7 29. Qxa7 Qd6 30. Qc5 Qc7 31. Qb6 Qd6 32. Qc5 Qc7 33.
Bd4 Ra8 34. Qe5 Rxa2+ 35. Kf3 Qxe5 36. Bxe5 Ra3+ 37. Kg2 f6 38. Bd6 1-0

[Event "Bundesliga 0001"]
[Site "Deutschland"]
[Date "2001.03.31"]
[Round "12.1"]
[White "Ftacnik, Lubomir"]
[Black "Van der Sterren, Paul"]
[Result "1-0"]
[WhiteElo "2608"]
[BlackElo "2569"]
[PlyCount "89"]
[EventDate "2000.10.14"]
[EventType "team"]
[EventRounds "15"]
[EventCountry "GER"]
[SourceTitle "Bundesliga 0001"]
[Source "DeepChess"]
[SourceDate "2005.01.01"]
[SourceVersion "1"]
[SourceVersionDate "2005.01.01"]
[SourceQuality "1"]
[WhiteTeam "Hamburger SK 1830 e.V."]
[BlackTeam "SV Castrop Rauxel 1923"]
[WhiteTeamCountry "GER"]
[BlackTeamCountry "GER"]

1. d4 Nf6 2. Nf3 d5 3. c4 e6 4. Nc3 Nbd7 5. cxd5 exd5 6. Bf4 c6 7. e3 Nh5 8.
Bg5 Be7 9. Bxe7 Qxe7 10. Qc2 g6 11. h3 Nb6 12. O-O-O Bf5 13. Qb3 Nf6 14. g4 Be4
15. Be2 O-O-O 16. Rhg1 h5 17. Ng5 hxg4 18. hxg4 Nh7 19. Nxf7 Qxf7 20. Nxe4 Rhf8
21. Nc5 Qxf2 22. Rde1 Ng5 23. Qa3 Kb8 24. Nxb7 Kxb7 25. Qe7+ Ka8 26. Qxg5 Rfe8
27. Kb1 Qxe3 28. Qxg6 Re6 29. Bd3 Qxe1+ 30. Rxe1 Rxe1+ 31. Kc2 Kb7 32. Qf6 Rde8
33. g5 R1e6 34. Qf4 Nc8 35. g6 R6e7 36. Qf6 Re6 37. Qf4 R6e7 38. a4 Nb6 39. b3
Nd7 40. Qd6 Nb6 41. a5 Nc8 42. a6+ Kb6 43. Qb8+ Ka5 44. Kc3 Nb6 45. Qd6 1-0

[Event "Bundesliga 0001"]
[Site "Deutschland"]
[Date "2001.03.31"]
[Round "12.2"]
[White "Rozentalis, Eduardas"]
[Black "Hansen, Sune Berg"]
[Result "1-0"]
[WhiteElo "2570"]
[BlackElo "2545"]
[PlyCount "77"]
[EventDate "2000.10.14"]
[EventType "team"]
[EventRounds "15"]
[EventCountry "GER"]
[SourceTitle "Bundesliga 0001"]
[Source "DeepChess"]
[SourceDate "2005.01.01"]
[SourceVersion "1"]
[SourceVersionDate "2005.01.01"]
[SourceQuality "1"]
[WhiteTeam "SV Castrop Rauxel 1923"]
[BlackTeam "Hamburger SK 1830 e.V."]
[WhiteTeamCountry "GER"]
[BlackTeamCountry "GER"]

1. e4 c5 2. Nf3 Nc6 3. Bb5 e6 4. Bxc6 bxc6 5. O-O Ne7 6. d3 Ng6 7. Ng5 Be7 8.
Qh5 d6 9. f4 Bxg5 10. fxg5 e5 11. Be3 Be6 12. Nd2 Qd7 13. h3 O-O 14. Rf2 Kh8
15. b3 Qe7 16. Nf1 a5 17. Ng3 a4 18. Raf1 axb3 19. axb3 Ra2 20. Nf5 Qd7 21. h4
Rfa8 22. Qf3 Ne7 23. h5 Bxf5 24. exf5 f6 25. h6 gxh6 26. gxf6 Ng8 27. f7 Nf6
28. Bxh6 Qxf7 29. Bg5 R2a6 30. Qh3 Rg8 31. Qh4 Rxg5 32. Qxg5 Ra8 33. Qh4 Rg8
34. Ra1 d5 35. Ra6 e4 36. Rxc6 Ng4 37. Rf4 Ne3 38. Rg6 Rxg6 39. fxg6 1-0

[Event "Bundesliga 0001"]
[Site "Deutschland"]
[Date "2001.03.31"]
[Round "12.3"]
[White "Wahls, Matthias"]
[Black "Rogers, Ian"]
[Result "0-1"]
[WhiteElo "2568"]
[BlackElo "2558"]
[PlyCount "54"]
[EventDate "2000.10.14"]
[EventType "team"]
[EventRounds "15"]
[EventCountry "GER"]
[SourceTitle "Bundesliga 0001"]
[Source "DeepChess"]
[SourceDate "2005.01.01"]
[SourceVersion "1"]
[SourceVersionDate "2005.01.01"]
[SourceQuality "1"]
[WhiteTeam "Hamburger SK 1830 e.V."]
[BlackTeam "SV Castrop Rauxel 1923"]
[WhiteTeamCountry "GER"]
[BlackTeamCountry "GER"]

1. e4 c6 2. c4 d5 3. cxd5 cxd5 4. exd5 Nf6 5. Nc3 g6 6. Bc4 Bg7 7. Nf3 O-O 8.
O-O Na6 9. Qb3 Nc7 10. Re1 b5 11. Bxb5 Rb8 12. Ne5 Bd7 13. Nxd7 Nxd7 14. Qa4
Nxb5 15. Nxb5 Nb6 16. Qxa7 Nxd5 17. a4 Nb4 18. d4 Nc2 19. Bg5 Nxa1 20. Rxa1 Qd5
21. Qc5 Qa8 22. Bxe7 Rfe8 23. Bg5 Qxa4 24. Na3 Bxd4 25. Qc2 Qa6 26. Qc4 Qa5 27.
h4 Bxb2 0-1

[Event "Bundesliga 0001"]
[Site "Deutschland"]
[Date "2001.03.31"]
[Round "12.4"]
[White "King, Daniel J"]
[Black "Mueller, Karsten"]
[Result "1/2-1/2"]
[WhiteElo "2525"]
[BlackElo "2513"]
[PlyCount "151"]
[EventDate "2000.10.14"]
[EventType "team"]
[EventRounds "15"]
[EventCountry "GER"]
[SourceTitle "Bundesliga 0001"]
[Source "DeepChess"]
[SourceDate "2005.01.01"]
[SourceVersion "1"]
[SourceVersionDate "2005.01.01"]
[SourceQuality "1"]
[WhiteTeam "SV Castrop Rauxel 1923"]
[BlackTeam "Hamburger SK 1830 e.V."]
[WhiteTeamCountry "GER"]
[BlackTeamCountry "GER"]

1. e4 e6 2. d4 d5 3. Nc3 Nf6 4. Bg5 Bb4 5. e5 h6 6. Bd2 Bxc3 7. bxc3 Ne4 8. Qg4
g6 9. Bd3 Nxd2 10. Kxd2 c5 11. Nf3 Bd7 12. dxc5 Bc6 13. Rhb1 Qe7 14. a4 Nd7 15.
a5 Nxc5 16. Ke1 Ne4 17. Rb3 a6 18. Nd4 Qg5 19. Qxg5 hxg5 20. Bxe4 dxe4 21. Nxc6
Rxh2 22. Ke2 bxc6 23. g3 g4 24. Ra4 Rh1 25. Rb6 Rd8 26. Rd4 Rh5 27. Rxc6 Rxe5
28. Rxa6 Rc5 29. Ra7 Rxd4 30. cxd4 Rxc2+ 31. Ke3 Ra2 32. a6 Kf8 33. Kxe4 Rxf2
34. Rb7 Ra2 35. a7 Kg7 36. Kf4 Ra4 37. Rd7 Kf6 38. Kxg4 e5 39. Kf3 Ke6 40. Rd8
Ra3+ 41. Kg4 Rxa7 42. dxe5 Kxe5 43. Re8+ Kf6 44. Re4 Kg7 45. Rb4 Kh6 46. Kh3
Ra3 47. Rh4+ Kg7 48. Rb4 f5 49. Kh2 g5 50. g4 f4 51. Rb7+ Kf6 52. Rb6+ Ke5 53.
Rb5+ Ke4 54. Rxg5 Kf3 55. Rg8 Ra7 56. Rh8 Kf2 57. Kh3 Ra3+ 58. Kh4 Kg2 59. Rb8
Rh3+ 60. Kg5 f3 61. Kg6 f2 62. Rb1 Rh1 63. Rb2 Kg3 64. Rxf2 Kxf2 65. g5 Kg3 66.
Kf7 Rf1+ 67. Ke7 Re1+ 68. Kf7 Rf1+ 69. Ke7 Kh4 70. g6 Rg1 71. Kf7 Kh5 72. g7
Rf1+ 73. Ke7 Rg1 74. Kf7 Kh6 75. g8=R Rxg8 76. Kxg8 1/2-1/2

[Event "Bundesliga 0001"]
[Site "Deutschland"]
[Date "2001.03.31"]
[Round "12.5"]
[White "Gustafsson, Jan"]
[Black "Seul, Georg"]
[Result "1-0"]
[WhiteElo "2506"]
[BlackElo "2447"]
[PlyCount "77"]
[EventDate "2000.10.14"]
[EventType "team"]
[EventRounds "15"]
[EventCountry "GER"]
[SourceTitle "Bundesliga 0001"]
[Source "DeepChess"]
[SourceDate "2005.01.01"]
[SourceVersion "1"]
[SourceVersionDate "2005.01.01"]
[SourceQuality "1"]
[WhiteTeam "Hamburger SK 1830 e.V."]
[BlackTeam "SV Castrop Rauxel 1923"]
[WhiteTeamCountry "GER"]
[BlackTeamCountry "GER"]

1. d4 Nf6 2. c4 e6 3. Nc3 Bb4 4. Qc2 O-O 5. a3 Bxc3+ 6. Qxc3 Ne4 7. Qc2 f5 8.
Nh3 d6 9. f3 Nf6 10. e3 e5 11. dxe5 dxe5 12. Be2 a5 13. b3 Nc6 14. O-O Qe7 15.
Nf2 Be6 16. Re1 Rad8 17. Bb2 Bc8 18. Bc3 Nd7 19. Bf1 Ndb8 20. Nd3 Na6 21. f4 e4
22. Nf2 b6 23. Kh1 Rfe8 24. Be2 Bb7 25. Rg1 Nc5 26. Rae1 Qh4 27. Ref1 Rd7 28.
g3 Qe7 29. g4 Nd4 30. Qa2 Nxe2 31. Qxe2 Rd3 32. Be5 Nd7 33. Ba1 Nf6 34. gxf5
Red8 35. Ng4 Nxg4 36. Qxg4 Rxe3 37. Bxg7 Rg3 38. Rxg3 e3+ 39. Kg1 1-0

[Event "Bundesliga 0001"]
[Site "Deutschland"]
[Date "2001.03.31"]
[Round "12.6"]
[White "Watson, William N"]
[Black "Heinemann, Thies"]
[Result "0-1"]
[WhiteElo "2527"]
[BlackElo "2468"]
[PlyCount "66"]
[EventDate "2000.10.14"]
[EventType "team"]
[EventRounds "15"]
[EventCountry "GER"]
[SourceTitle "Bundesliga 0001"]
[Source "DeepChess"]
[SourceDate "2005.01.01"]
[SourceVersion "1"]
[SourceVersionDate "2005.01.01"]
[SourceQuality "1"]
[WhiteTeam "SV Castrop Rauxel 1923"]
[BlackTeam "Hamburger SK 1830 e.V."]
[WhiteTeamCountry "GER"]
[BlackTeamCountry "GER"]

1. e4 c5 2. Nc3 Nc6 3. Nge2 e5 4. Nd5 Nge7 5. Nec3 Nxd5 6. Nxd5 d6 7. Bc4 Be6
8. O-O Be7 9. d3 O-O 10. c3 Kh8 11. f4 f5 12. exf5 Bxf5 13. Ne3 Bd7 14. f5 Bg5
15. Qh5 Bf4 16. g3 Qg5 17. Qf3 Ne7 18. Be6 Bc6 19. Qe2 h5 20. d4 cxd4 21. cxd4
Bb5 22. Qxb5 Bxe3+ 23. Kg2 Bxc1 24. Raxc1 Nxf5 25. Bxf5 Rxf5 26. Rxf5 Qxf5 27.
Qxb7 Rf8 28. dxe5 Qxe5 29. Qb4 Qe2+ 30. Kh3 Rf2 31. Rh1 Qe6+ 32. Kh4 Re2 33.
Qb8+ Kh7 0-1

[Event "Bundesliga 0001"]
[Site "Deutschland"]
[Date "2001.03.31"]
[Round "12.7"]
[White "Reeh, Oliver"]
[Black "Appel, Ralf"]
[Result "1/2-1/2"]
[WhiteElo "2420"]
[BlackElo "2481"]
[PlyCount "43"]
[EventDate "2000.10.14"]
[EventType "team"]
[EventRounds "15"]
[EventCountry "GER"]
[SourceTitle "Bundesliga 0001"]
[Source "DeepChess"]
[SourceDate "2005.01.01"]
[SourceVersion "1"]
[SourceVersionDate "2005.01.01"]
[SourceQuality "1"]
[WhiteTeam "Hamburger SK 1830 e.V."]
[BlackTeam "SV Castrop Rauxel 1923"]
[WhiteTeamCountry "GER"]
[BlackTeamCountry "GER"]

1. e4 g6 2. d4 Bg7 3. c4 d6 4. Nc3 Nc6 5. Be3 e5 6. Nge2 exd4 7. Nxd4 Nge7 8.
h4 h6 9. c5 dxc5 10. Nxc6 Nxc6 11. Qxd8+ Nxd8 12. Bxc5 Ne6 13. Be3 Bd7 14.
O-O-O a6 15. f4 O-O-O 16. f5 gxf5 17. exf5 Nf8 18. Bc4 Bxf5 19. Rxd8+ Kxd8 20.
Bxf7 Nd7 21. Rf1 Bg4 22. Bb3 1/2-1/2

[Event "Bundesliga 0001"]
[Site "Deutschland"]
[Date "2001.03.31"]
[Round "12.8"]
[White "Hennig, Dirk"]
[Black "Sebastian, Dirk"]
[Result "1/2-1/2"]
[WhiteElo "2442"]
[BlackElo "2334"]
[PlyCount "43"]
[EventDate "2000.10.14"]
[EventType "team"]
[EventRounds "15"]
[EventCountry "GER"]
[SourceTitle "Bundesliga 0001"]
[Source "DeepChess"]
[SourceDate "2005.01.01"]
[SourceVersion "1"]
[SourceVersionDate "2005.01.01"]
[SourceQuality "1"]
[WhiteTeam "SV Castrop Rauxel 1923"]
[BlackTeam "Hamburger SK 1830 e.V."]
[WhiteTeamCountry "GER"]
[BlackTeamCountry "GER"]

1. d4 g6 2. e4 Bg7 3. Nc3 d6 4. f4 Nf6 5. Nf3 c5 6. d5 O-O 7. a4 Na6 8. Bc4 Nb4
9. O-O Rb8 10. Bd2 b6 11. Be1 a6 12. Qe2 Ne8 13. Nd1 b5 14. axb5 axb5 15. Bxb4
cxb4 16. Bd3 Qb6+ 17. Kh1 Bg4 18. h3 Bxf3 19. Qxf3 Nf6 20. Qe2 Nd7 21. Qd2 Qd4
22. c3 1/2-1/2

[Event "Bundesliga 0001"]
[Site "Deutschland"]
[Date "2001.03.31"]
[Round "12.3"]
[White "Epishin, Vladimir"]
[Black "Handke, Florian"]
[Result "1/2-1/2"]
[WhiteElo "2567"]
[BlackElo "2455"]
[PlyCount "85"]
[EventDate "2000.10.14"]
[EventType "team"]
[EventRounds "15"]
[EventCountry "GER"]
[SourceTitle "Bundesliga 0001"]
[Source "DeepChess"]
[SourceDate "2005.01.01"]
[SourceVersion "1"]
[SourceVersionDate "2005.01.01"]
[SourceQuality "1"]
[WhiteTeam "Luebecker SV von 1873 "]
[BlackTeam "SV Wattenscheid 1930"]
[WhiteTeamCountry "GER"]
[BlackTeamCountry "GER"]

1. d4 Nf6 2. c4 e6 3. Nf3 b6 4. g3 Ba6 5. b3 Bb4+ 6. Bd2 Be7 7. Nc3 O-O 8. e4
d5 9. cxd5 Bxf1 10. Kxf1 exd5 11. e5 Ne8 12. Kg2 c6 13. h4 Nc7 14. Ng5 h6 15.
Nh3 Qd7 16. Nf4 c5 17. dxc5 Bxc5 18. Nd3 Nc6 19. Rc1 Rae8 20. Nxc5 bxc5 21. Na4
c4 22. bxc4 dxc4 23. Be3 Qe6 24. Nc5 Qe7 25. Qd6 Nxe5 26. Rhd1 Qxd6 27. Rxd6
Rc8 28. a4 Rfe8 29. Bd4 h5 30. Bxe5 Rxe5 31. Rc6 Ree8 32. Rxc4 Nd5 33. Nd3 Rcd8
34. Nf4 Nxf4+ 35. Rxf4 Re7 36. a5 g6 37. Rfc4 Rd5 38. a6 Ra5 39. Rb4 Kg7 40.
Rb3 Ra2 41. Rf3 Ra1 42. Rf4 Ra2 43. Rf3 1/2-1/2

[Event "Bundesliga 0001"]
[Site "Deutschland"]
[Date "2001.03.31"]
[Round "12.4"]
[White "Holzke, Frank"]
[Black "Hodgson, Julian M"]
[Result "1-0"]
[WhiteElo "2470"]
[BlackElo "2640"]
[PlyCount "79"]
[EventDate "2000.10.14"]
[EventType "team"]
[EventRounds "15"]
[EventCountry "GER"]
[SourceTitle "Bundesliga 0001"]
[Source "DeepChess"]
[SourceDate "2005.01.01"]
[SourceVersion "1"]
[SourceVersionDate "2005.01.01"]
[SourceQuality "1"]
[WhiteTeam "SV Wattenscheid 1930"]
[BlackTeam "Luebecker SV von 1873 "]
[WhiteTeamCountry "GER"]
[BlackTeamCountry "GER"]

1. e4 g6 2. d4 Bg7 3. Nc3 c6 4. Bc4 d6 5. Qe2 Nf6 6. e5 Nd5 7. Bd2 Nxc3 8. Bxc3
b5 9. Bd3 a5 10. f4 O-O 11. Nf3 b4 12. Bd2 c5 13. dxc5 dxe5 14. Nxe5 Qc7 15.
O-O-O Nc6 16. Nxc6 Qxc6 17. Qe4 Qa4 18. Kb1 Bf5 19. Qe2 Bxd3 20. cxd3 Qb5 21.
Rc1 Rac8 22. Be3 Rfd8 23. Rc4 a4 24. Rhc1 a3 25. b3 Bb2 26. R1c2 Rc6 27. Bd2
Rd4 28. Rxd4 Bxd4 29. Qxe7 Kg7 30. Qe4 Bf6 31. Qxb4 Qxd3 32. Bc3 Qf1+ 33. Rc1
Qxg2 34. Bxf6+ Rxf6 35. Qxa3 Qe4+ 36. Ka1 Kh6 37. Qb2 Rxf4 38. c6 Qe3 39. c7
Rf2 40. c8=Q 1-0

[Event "Bundesliga 0001"]
[Site "Deutschland"]
[Date "2001.03.31"]
[Round "12.5"]
[White "Agdestein, Simen"]
[Black "Straeter, Timo"]
[Result "1/2-1/2"]
[WhiteElo "2590"]
[BlackElo "2370"]
[PlyCount "54"]
[EventDate "2000.10.14"]
[EventType "team"]
[EventRounds "15"]
[EventCountry "GER"]
[SourceTitle "Bundesliga 0001"]
[Source "DeepChess"]
[SourceDate "2005.01.01"]
[SourceVersion "1"]
[SourceVersionDate "2005.01.01"]
[SourceQuality "1"]
[WhiteTeam "Luebecker SV von 1873 "]
[BlackTeam "SV Wattenscheid 1930"]
[WhiteTeamCountry "GER"]
[BlackTeamCountry "GER"]

1. d4 f5 2. g3 Nf6 3. Bg2 e6 4. c4 c6 5. Nf3 d5 6. O-O Bd6 7. b3 Qe7 8. Ne5 O-O
9. Bb2 Bd7 10. e3 Be8 11. Qe2 Bh5 12. f3 Nbd7 13. Rd1 Rac8 14. Nd2 Bb8 15. h3
Nxe5 16. dxe5 Nd7 17. g4 fxg4 18. hxg4 Bg6 19. f4 Qh4 20. b4 a5 21. cxd5 cxd5
22. Bd4 Rc2 23. bxa5 Nxe5 24. fxe5 Bd3 25. Qxd3 Qf2+ 26. Kh2 Qh4+ 27. Kg1 Qf2+
1/2-1/2